[Event "Regionalliga SW 1213"]
[Site "Bayern"]
[Date "2013.03.17"]
[Round "8.8"]
[White "Gebhard, Hans"]
[Black "Osthoff, Michael"]
[Result "1-0"]
[WhiteElo "1800"]
[BlackElo "1906"]
[PlyCount "117"]
[EventDate "2012.10.14"]
[EventType "team-tourn"]
[EventRounds "9"]
[EventCountry "GER"]
[SourceTitle "EXT 2015"]
[Source "ChessBase"]
[SourceDate "2014.11.20"]
[SourceVersion "1"]
[SourceVersionDate "2014.11.20"]
[SourceQuality "1"]
[WhiteTeam "Kaufbeuren"]
[BlackTeam "Muenchen Siemens"]
[WhiteTeamCountry "GER"]
[BlackTeamCountry "GER"]

1. d4 d5 2. Nf3 Nf6 3. g3 c5 4. e3 Nc6 5. Bg2 e6 6. 0-0 Bd6 7. Nbd2 0-0 8. c4 cxd4 9. exd4 Bd7 10. Re1 Rc8 11. a3 a5 12. Rb1 b6 13. b3 Qc7 14. Bb2 a4 15. b4 dxc4 16. Nxc4 Ne7 17. Rc1 Ned5 18. Nfe5 Bb5 19. Bf1 Bxc4 20. Bxc4 Qa7 21. Bb5 Rxc1 22. Qxc1 Nc7 23. Bd3 Qa8 24. Qc6 Bxe5 25. Qxa8 Rxa8 26. dxe5 Nfd5 27. Rc1 Kf8 28. Bd4 Rd8 29. Bf1 Ne8 30. f4 g6 31. Bf2 Ng7 32. Rc6 Rb8 33. Bg2 Nf5 34. Bxd5 exd5 35. Bxb6 d4 36. Kf2 Ne7 37. Bc5 Ke8 38. Bxe7 Kxe7 39. Ke2 h5 40. Kd3 Rd8 41. Rc4 Ke6 42. Rc6+ Ke7 43. Rd6 Rc8 44. Rxd4 Rc1 45. b5 Rc5 46. Rb4 Kd7 47. Kd4 Rc2 48. Rxa4 Rxh2 49. Rc4 Ra2 50. Rc3 Rb2 51. Kc5 Kc7 52. a4 Ra2 53. Kb4+ Kb7 54. Ra3 Rb2+ 55. Kc5 Rc2+ 56. Kd6 Kb6 57. a5+ Ka7 58. b6+ Ka6 59. Ke7 1-0

[Event "Regionalliga SW 1112"]
[Site "Bayern"]
[Date "2012.02.26"]
[Round "7.8"]
[White "Zellweger, Wilfried"]
[Black "Gebhard, Hans"]
[Result "1-0"]
[WhiteElo "1915"]
[BlackElo "1787"]
[PlyCount "42"]
[EventDate "2011.10.02"]
[EventType "team-tourn"]
[EventRounds "9"]
[EventCountry "GER"]
[SourceTitle "EXT 2015"]
[Source "ChessBase"]
[SourceDate "2014.11.20"]
[SourceVersion "1"]
[SourceVersionDate "2014.11.20"]
[SourceQuality "1"]
[WhiteTeam "Tuerkheim/Bad Woerishofen"]
[BlackTeam "Kaufbeuren"]
[WhiteTeamCountry "GER"]
[BlackTeamCountry "GER"]

1. e4 e5 2. Nc3 Nf6 3. f4 d5 4. fxe5 Nxe4 5. Nf3 Bg4 6. Qe2 Bxf3 7. Qxf3 Nxc3 8. bxc3 Be7 9. d4 0-0 10. Bd3 c6 11. 0-0 Na6 12. Qf5 g6 13. Qg4 Nc7 14. Bh6 Ne6 15. Bxf8 Bxf8 16. h4 Ng7 17. Rf3 h5 18. Qf4 Qd7 19. Raf1 Ba3 20. Qxf7+ Qxf7 21. Rxf7 Nf5 1-0